| 000 | 00519nam a2200181Ia 4500 | ||
|---|---|---|---|
| 003 | GCL | ||
| 008 | 140319s9999 xx 000 0 ara d | ||
| 040 |
_aGCL / _cGCL |
||
| 082 | 0 | 4 |
_a809 _bع ف |
| 100 | 1 | _aعلى ادهم | |
| 245 | 1 | 0 |
_aفصول فى الادب والنقد والتاريخ / _cعلى ادهم |
| 260 |
_a[S.N] : _bالهيئة المصرية العامة للكتاب ، _c1979 |
||
| 300 | _a259 ص | ||
| 490 | _a | ||
| 650 | 0 | 4 | _aالادب |
| 650 | 0 | 4 | _aتاريخ ونقد |
| 942 |
_2ddc _cBK |
||
| 999 |
_c28484 _d28484 |
||